| 000 | 00703nam a22001815i 4500 | ||
|---|---|---|---|
| 001 | 156201 | ||
| 003 | ES-MaACL | ||
| 005 | 20250808090504.0 | ||
| 008 | 040729s1891 fr |||| | fre d | ||
| 040 |
_aCAM _bspa _cCAM |
||
| 100 | 1 |
_aJacquelin, René. _9128245 |
|
| 245 | 1 | 3 |
_aLa juridiction administrative dans le droit constitutionel _b: étude d'histoire, de legislation comparé et de critique / _cpar René Jacquelin. |
| 260 |
_aParis : _bA. Giard, _c1891 ( _fImprimerie des Écoles) |
||
| 300 |
_a507 p. ; _c22 cm. |
||
| 650 | 0 | 0 |
_aDerecho constitucional- _zFrancia- _yS.XIX _9222536 |
| 852 |
_aES-MaACL _jB-665 _z-- Enc. hol., conservando la enc. editorial |
||
| 999 |
_c156201 _d156201 |
||